000 00396nam a22001697a 4500
005 20160629152400.0
008 160629b xxu||||| |||| 00| 0 eng d
020 _a81-88458-96-1
041 _aeng
082 _b12554
100 _aBaral, R. N
_93218
245 _aTelemetry & Data Transmission
260 _bKatson
_c2012
300 _a241
650 _aDiploma Engineering
_9817
942 _cBK
999 _c4731
_d4729